000 00615nam a2200193Ia 4500
005 20260114185614.0
008 008 260114s9999 xx 000 0 eng d
020 _a9781350034419
037 _aEBOOK
040 _aCRL
_beng
_cCRL
041 _aeng
_2eng
084 _qCRL
100 _aJulia Sneeringer
_9872120
245 2 _aA Social History of Early Rock ?n? Roll in Germany Hamburg from Burlesque to The Beatles, 1956-69
260 _bBloomsbury
_c2018
856 _uhttps://doi.org/10.5040/9781350034419?locatt=label:secondary_bloomsburyCollections
942 _cEBOOK
999 _c1471068
_d1471068